Представление документа в формате MARC21

Поле Инд. ПП Название Значение
Тип записи a
Библиографический уровень b
001 Контрольный номер RU/IS/BASE/265827768
005 Дата корректировки 20220715140342.0
008 Кодируемые данные 20080603
040 b Код языка каталог. rus
e Правила каталог. PSBO
041 0_ a Код языка текста rus
084 a Индекс другой классификации/Индекс ББК 66.1(0)6; 66.4,0
100 1_ a Автор Дробот Г. А.
q Полное имя Дробот Галина Анатольевна
245 10 a Заглавие Методология исследования внешней политики: возможности неореализма и принцип уровней анализа
504 a Библиография Библиогр. ссылки. - Примеч.
600 a Персоналии Косолапов Николай Алексеевич
a Персоналии Уолтс Кеннет
a Персоналии Элман Колин
650 a Основная рубрика история политических учений
a Основная рубрика международные отношения
a Основная рубрика политика
653 1_ a Ключевые слова XXI век
a Ключевые слова анализ внешней политики
a Ключевые слова внешняя политика
a Ключевые слова компаративистика
a Ключевые слова методология политических исследований
a Ключевые слова неореализм
a Ключевые слова политические исследования
a Ключевые слова Россия
a Ключевые слова сравнительные исследования
a Ключевые слова США
a Ключевые слова теория внешней политики
a Ключевые слова теория международных отношений
773 08 t Заглавие источника Вестник Московского университета. Серия 18, Социология и политология
d Дата издания источника 2007
g Прочая информация № 4. - С. 20 - 33
w Контрольный № источника RU/IS/BASE/261756947
901 t Тип документа b